| 000 | 01167nac a22002891u 4500 | ||
|---|---|---|---|
| 010 | _a 2003021770 | ||
| 020 | _a0071425462 (pbk. : alk. paper) | ||
| 082 | 0 | 0 |
_a658.15 _bCOO |
| 090 |
_c8662 _d8662 |
||
| 100 | _aCooke, Robert A., | ||
| 245 | 1 | 4 |
_aThe McGraw-Hill 36-hour course in finance for nonfinancial managers / _cRobert A. Cooke. |
| 246 | 3 | _aMcGraw-Hll thirty-six-hour course in finance for nonfinancial managers | |
| 250 | _a2nd ed. | ||
| 260 |
_aNew York : _bMcGraw-Hill,2004 _cc2004. |
||
| 300 |
_axx, 321 p. : _bill. ; _c23 cm. |
||
| 500 | _aIncludes index. | ||
| 500 | _adistributer: Baccah | ||
| 511 | _acatalogued by: wessam | ||
| 650 | 0 | _aBudget in business. | |
| 650 | 0 | _aFinancial statements. | |
| 650 | 0 |
_aBusiness enterprises _xFinance. |
|
| 650 | 0 |
_aCorporations _xFinance. |
|
| 856 | 4 | 2 |
_3Contributor biographical information _uhttp://www.loc.gov/catdir/bios/mh042/2003021770.html |
| 856 | 4 | 2 |
_3Publisher description _uhttp://www.loc.gov/catdir/description/mh041/2003021770.html |
| 856 | 4 | 2 |
_3Table of contents _uhttp://www.loc.gov/catdir/toc/ecip049/2003021770.html |
| 942 |
_cBB _k658.15COO |
||
| 999 |
_c8662 _d8662 |
||